LEADER 00737nab a2200157 i 4500 001 000000274104 003 CaOOAMICUS 005 20101111000000.0 008 101111n xx uu u0 0und r 013 $a22564 040 $aSeMil$bita 100 1 $aGemelli, Agostino,$c.$0(OLS)http://semarc/name/2238 245 10$aNuovo contributo alla conoscenza della struttura delle vocali. - P. [1]-43, con nove tavole fuori testo :$be venti figure nel testo. 500 $a1947/1. 773 0 $t[1937].$dIn Civitate Vaticana : Ex Aedibus Academicis, 1937.$w()132416 996 $6245$aNuovo contributo alla conoscenza della struttura delle vocali. - P. [1]-43, con nove tavole fuori testo :$be venti figure nel testo.$9(OLS)http://semarc/title/360909 LEADER 01125nam a2200277 i 4500 001 000000121636 003 CaOOAMICUS 005 20040107000000.0 008 040107s1998 it u000 u ita u 013 $a94331 020 $a88-18-12182-0 040 $aSeMil$bita 100 1 $aConsiglio, Alberto.$0(OLS)http://semarc/name/50569 245 13$aLa rivoluzione napoletana del 1799 :$bfine di un reame /$cAlberto Consiglio. 250 $a2. ed. 260 $aMilano :$bRusconi,$c1998. 300 $aIX, 245 p., [8] p. di tav. ;$c22 cm. 500 $aContiene : Nota bibliografica. - Fondo Card. C.M. Martini. 650 4$aRegno di Napoli <1302-1816> - Storia - Sec. 18.$0(OLS)http://semarc/subject/6649 850 $aSeMil 852 $aSeMil$W1$xVenegono$y1$m1C VI 100$j76697$B76697$CSeMilBibl$Z2$F78493 $81 941 1 $a4 961 $aOmaggio: Martini Card. Carlo Maria 996 $6020$a88-18-12182-0$9(OLS)http://semarc/number/107162 996 $6245$aLa rivoluzione napoletana del 1799 :$bfine di un reame$9(OLS)http://semarc/title/179093 996 $6260$aMilano :$bRusconi$9(OLS)http://semarc/publisher/30258